000
00194 a2200097 4500
001
8374
090
_c
6745
_d
6745
100
_a
Bailely, J
245
_a
A short Boswell (Shifted to SOA)
260
_b
Nelson
942
_a
NUST-CAE
999
_c
243447
_d
243447